000 01386cad a22002175a 4500
001 L155319
008 120316s2012 xxk f 000 0 eng d
035 _a(Sirsi) u155319
041 0 _aeng
110 2 _aUnited Kingdom
_kLaws, etc.
_95044
245 0 4 _aThe Infrastructure Planning (Environmental Impact Assessment) (Amendment) Regulations 2012
_h[electronic resource]
260 _aLondon
_bHM Government
_c2012
490 0 _aSI
_v2012: 787
520 _aComes into force 13 April 2012. These Regulations amend the Infrastructure Planning (Environmental Impact Assessment) Regulations 2009. The main changes include an amendment to clarify that any person may ask the Secretary of State to exercise the power of direction, an amendment so that a person who proposes to make a subsequent application is no longer required to provide an updated environmental statement, a requirement for the reasons for the negative screening decisions to be provided in writing and the removal of unnecessary criminal offences.
590 _aKA NTK
650 2 4 _aThe Infrastructure Planning (Environmental Impact Assessment) (Amendment) Regulations 2012
651 4 _aENGLAND AND WALES
690 _aPlanning and development
_96259
856 4 0 _uhttps://www.legislation.gov.uk/uksi/2012/787/pdfs/uksi_20120787_en.pdf
_zView the legislation free of charge at www.legislation.gov.uk
942 _n0
999 _c113478
_d113478